| 000 | 00567nam a2200205Ia 4500 | ||
|---|---|---|---|
| 003 | OSt | ||
| 005 | 20240928090314.0 | ||
| 008 | 210210b1933 xxu||||| |||| 00| 0 eng d | ||
| 040 | _cAL | ||
| 041 | _aSanskrit | ||
| 082 | _a882/2 | ||
| 100 |
_aANANTACHARYA (N) _d अनन्ताचार्य _9180621 |
||
| 245 |
_aChandrpeeda charita _bचन्द्रापीड चरितI |
||
| 260 |
_aPalghat _b- _c1933 |
||
| 650 |
_acharita _9180622 |
||
| 650 |
_aChandradIpa _9180623 |
||
| 690 |
_aSanskrit Prose _9180624 |
||
| 906 | _a024268 | ||
| 942 |
_2ddc _cBK |
||
| 999 |
_c149741 _d149741 |
||